Merchant Ship Construction: Especially Written for the Merchant Navy / (Record no. 32134)

000 -LEADER
fixed length control field 00561 a2200193 4500
003 - CONTROL NUMBER IDENTIFIER
control field OSt
005 - DATE AND TIME OF LATEST TRANSACTION
control field 20260319105211.0
008 - FIXED-LENGTH DATA ELEMENTS--GENERAL INFORMATION
fixed length control field 260319b ||||| |||| 00| 0 eng d
020 ## - INTERNATIONAL STANDARD BOOK NUMBER
International Standard Book Number 0 85174 144 4
040 ## - CATALOGING SOURCE
Transcribing agency .
082 ## - DEWEY DECIMAL CLASSIFICATION NUMBER
Classification number 623.824
Item number P9862
100 ## - MAIN ENTRY--PERSONAL NAME
9 (RLIN) 640
Personal name Pursey, H. J.
245 ## - TITLE STATEMENT
Title Merchant Ship Construction: Especially Written for the Merchant Navy /
Statement of responsibility, etc. H. J. Pursey
250 ## - EDITION STATEMENT
Edition statement 7th ed.
260 ## - PUBLICATION, DISTRIBUTION, ETC.
Name of publisher, distributor, etc. Brown, Son & Ferguson, Ltd Nautical Publishers,
Place of publication, distribution, etc. Glasgow :
Date of publication, distribution, etc. 1983.
300 ## - PHYSICAL DESCRIPTION
Extent 217 p.
650 #0 - SUBJECT ADDED ENTRY--TOPICAL TERM
9 (RLIN) 2802
Topical term or geographic name entry element Ship Construction
942 ## - ADDED ENTRY ELEMENTS (KOHA)
Source of classification or shelving scheme
Koha item type Books
Holdings
Withdrawn status Lost status Source of classification or shelving scheme Damaged status Not for loan Collection code Permanent Location Current Location Shelving location Date acquired Source of acquisition Cost, normal purchase price Full call number Barcode Date last seen Cost, replacement price Price effective from Koha item type Total Checkouts Date last checked out
          Non-fiction IMU Kolkata IMU Kolkata Reference 2026-03-25 30 8271.45 623.824 P9862 15057 2026-03-25 11028.60 2026-03-25 Books    
          Non-fiction IMU Kolkata IMU Kolkata   2026-03-25 30 8271.45 623.824 P9862 15058 2026-03-25 11028.60 2026-03-25 Books    
          Non-fiction IMU Kolkata IMU Kolkata   2026-03-25 30 8271.45 623.824 P9862 15059 2026-04-11 11028.60 2026-03-25 Books 1 2026-03-26
          Non-fiction IMU Kolkata IMU Kolkata   2026-03-25 30 8271.45 623.824 P9862 15060 2026-03-25 11028.60 2026-03-25 Books    
Designed and Maintained by IMU-KC Library, Kolkata Campus © Copyright All Rights Reserved

webs counters

Powered by Koha